| 000 | 00573nam a22001697a 4500 | ||
|---|---|---|---|
| 020 | _qHard Cover. | ||
| 082 | _a004 | ||
| 100 | _aMASOOD, HASSAAN | ||
| 245 |
_aPlanning Engineering project Management Project / _cHASSAAN MASOOD |
||
| 260 |
_aIslamabad : _bSEECS - NUST, _c2008. |
||
| 300 |
_a39 p. : ill. ; _c30cm. |
||
| 650 |
_aComputer Science Engineering-Project Report _931419 |
||
| 700 |
_aMr. Muhammad Yousaf. _931155 |
||
| 856 | _u http://10.250.8.41:8080/xmlui/handle/123456789/29079 | ||
| 942 |
_2ddc _cPR |
||
| 999 |
_c540418 _d540418 |
||